[Event "Moscow Aeroflot op-A"]
[Site "Moscow"]
[Date "2025.03.02"]
[Round "3"]
[White "Bhagat, Kush"]
[Black "Galliamova, Alisa"]
[Result "1/2-1/2"]
[WhiteElo "2300"]
[BlackElo "2397"]
[PlyCount "71"]
[EventDate "2025.03.01"]
[EventType "swiss"]
[EventRounds "9"]
[EventCountry "RUS"]
[SourceTitle "CB11_2025"]
[SourceDate "2025.03.12"]
[SourceVersion "1"]
[SourceVersionDate "2025.03.12"]
[SourceQuality "1"]

1. e4 c5 2. Nf3 d6 3. Bb5+ Nd7 4. d4 Ngf6 5. 0-0 a6 6. Bd3 cxd4 7. Nxd4 g6 8. c4 Bg7 9. Nc3 0-0 10. Be3 e6 11. Be2 d5 12. cxd5 exd5 13. exd5 Nb6 14. d6 Nbd5 15. Nxd5 Nxd5 16. Nf5 Nxe3 17. Nxe3 Bxb2 18. Rb1 Bg7 19. Bf3 Rb8 20. Qd2 b5 21. a4 Bd7 22. axb5 axb5 23. Rfd1 Qg5 24. Qa5 Rfd8 25. Nd5 Be5 26. Qb4 Kh8 27. Re1 Be6 28. h4 Qf5 29. Ne7 Qf6 30. Rxe5 Qxe5 31. Nc6 Qf6 32. Nxd8 Rxd8 33. Qxb5 Qxh4 34. Rd1 Qf6 35. Qb6 Kg7 36. Qc7 1/2-1/2

[Event "Moscow Dokhoian Memorial Blitz"]
[Site "Moscow"]
[Date "2023.12.09"]
[Round "6"]
[White "Galliamova, Alisa"]
[Black "Bivol, Alina"]
[Result "1-0"]
[WhiteElo "2410"]
[BlackElo "2359"]
[PlyCount "109"]
[EventDate "2023.12.09"]
[EventType "tourn (blitz)"]
[EventRounds "11"]
[EventCountry "RUS"]
[EventCategory "5"]
[SourceTitle "CBM 217 Extra"]
[Source "ChessBase"]
[SourceDate "2024.01.31"]
[SourceVersion "1"]
[SourceVersionDate "2024.01.31"]
[SourceQuality "1"]

1. d4 d5 2. c4 e6 3. Nf3 Nf6 4. Nc3 c5 5. cxd5 cxd4 6. Qxd4 exd5 7. Bg5 Be7 8. e3 0-0 9. Bd3 Nc6 10. Qa4 h6 11. Bh4 Nb4 12. Bb1 Bd7 13. Qb3 Qb6 14. 0-0 g5 15. Bg3 Be6 16. Nd4 Nc6 17. Qxb6 axb6 18. Ndb5 Ra5 19. a3 Ne4 20. Bd3 Nxc3 21. Nxc3 Bf6 22. Bc7 Bd8 23. Bd6 Be7 24. Bxe7 Nxe7 25. Rfd1 Rc8 26. Be2 Kg7 27. Bf3 g4 28. Be2 Kf6 29. Rd4 h5 30. Rf4+ Ke5 31. Rd1 f5 32. Rb4 Rc6 33. Nb5 Bf7 34. f4+ gxf3 35. gxf3 Ra8 36. f4+ Kf6 37. Nd4 Rd6 38. Rc1 Rc8 39. Rxc8 Nxc8 40. Kf2 Na7 41. Bd3 Be6 42. Rb3 Nc8 43. Rc3 Ne7 44. Rc7 Nc6 45. Rxb7 Nxd4 46. exd4 Rc6 47. Ke3 Bc8 48. Rb8 Ke7 49. Kd2 Kd6 50. Bb5 Rc7 51. Rxb6+ Ke7 52. Rh6 Rb7 53. Rh7+ Kd6 54. Rxb7 Bxb7 55. h4 1-0

[Event "Moscow Dokhoian Memorial Blitz"]
[Site "Moscow"]
[Date "2023.12.09"]
[Round "9"]
[White "Gunina, Valentina"]
[Black "Galliamova, Alisa"]
[Result "1/2-1/2"]
[WhiteElo "2437"]
[BlackElo "2410"]
[PlyCount "184"]
[EventDate "2023.12.09"]
[EventType "tourn (blitz)"]
[EventRounds "11"]
[EventCountry "RUS"]
[EventCategory "5"]
[SourceTitle "CBM 217 Extra"]
[Source "ChessBase"]
[SourceDate "2024.01.31"]
[SourceVersion "1"]
[SourceVersionDate "2024.01.31"]
[SourceQuality "1"]

1. d4 d5 2. c4 c6 3. Nc3 Nf6 4. e3 e6 5. Nf3 Nbd7 6. Be2 Be7 7. 0-0 0-0 8. b3 b6 9. Bb2 Bb7 10. a4 a5 11. Bd3 Bb4 12. Qc2 h6 13. e4 Bxc3 14. Bxc3 dxe4 15. Bxe4 Nxe4 16. Qxe4 Nf6 17. Qe3 c5 18. Rad1 Bxf3 19. Qxf3 Qe7 20. Rfe1 cxd4 21. Bxd4 Nd7 22. Qb7 Rab8 23. Qc7 Rbc8 24. Qg3 f6 25. Be3 Kh7 26. Bxh6 Nc5 27. Bc1 Kg8 28. Rd6 Rb8 29. Ba3 e5 30. Rd5 Rbc8 31. h4 Rfd8 32. Red1 Rxd5 33. Rxd5 Qe6 34. Qf3 e4 35. Qf4 Nxb3 36. h5 Nc5 37. h6 g5 38. Qd2 Re8 39. Bb2 Kh7 40. Rd6 e3 41. fxe3 Qxe3+ 42. Qxe3 Rxe3 43. Rxf6 Re1+ 44. Kh2 Re2 45. Bd4 Rc2 46. Rxb6 Rxc4 47. Bg7 Nxa4 48. Rb5 Nc3 49. Rxa5 g4 50. Kg3 Re4 51. Ra7 Ne2+ 52. Kf2 Kg6 53. Bf8 Re8 54. Bg7 Nf4 55. Kg3 Nh5+ 56. Kxg4 Nxg7 57. hxg7 Rg8 58. g3 Re8 59. Kh4 Rd8 60. g4 Re8 61. Kg3 Rd8 62. Kh4 Re8 63. g8Q+ Rxg8 64. Ra6+ Kf7 65. Kh5 Rh8+ 66. Kg5 Rg8+ 67. Kf5 Rc8 68. Ra7+ Kg8 69. Re7 Rc5+ 70. Kf6 Rc6+ 71. Re6 Rc8 72. Kg6 Ra8 73. Kh6 Rb8 74. g5 Rc8 75. Rg6+ Kh8 76. Re6 Rb8 77. Re7 Rc8 78. Kg6 Kg8 79. Rg7+ Kh8 80. Re7 Rg8+ 81. Kf6 Rf8+ 82. Rf7 Rc8 83. Rd7 Rf8+ 84. Ke6 Rg8 85. Kf6 Rf8+ 86. Rf7 Rc8 87. g6 Rc6+ 88. Kg5 Kg8 89. Kh6 Rc3 90. Rg7+ Kh8 91. Rf7 Rh3+ 92. Kg5 Kg8 1/2-1/2

[Event "Moscow Dokhoian Memorial Blitz"]
[Site "Moscow"]
[Date "2023.12.09"]
[Round "11"]
[White "Lysenko, Margarita"]
[Black "Galliamova, Alisa"]
[Result "0-1"]
[WhiteElo "2264"]
[BlackElo "2410"]
[PlyCount "96"]
[EventDate "2023.12.09"]
[EventType "tourn (blitz)"]
[EventRounds "11"]
[EventCountry "RUS"]
[EventCategory "5"]
[SourceTitle "CBM 217 Extra"]
[Source "ChessBase"]
[SourceDate "2024.01.31"]
[SourceVersion "1"]
[SourceVersionDate "2024.01.31"]
[SourceQuality "1"]

1. d4 d5 2. c4 c6 3. Nf3 Nf6 4. Nc3 e6 5. e3 Nbd7 6. Be2 Bd6 7. 0-0 0-0 8. b3 b6 9. Bb2 Bb7 10. Qc2 Rc8 11. Rfd1 c5 12. cxd5 cxd4 13. Nxd4 Nxd5 14. Ndb5 Bb8 15. Qd2 Nxc3 16. Nxc3 Qh4 17. g3 Qh3 18. Bf1 Qf5 19. Qxd7 Rxc3 20. Qxb7 Rc2 21. Qg2 Rxb2 22. Bd3 Qf6 23. Rf1 g6 24. Qe4 Rd8 25. Rad1 Rxa2 26. Bc2 Rxd1 27. Rxd1 Kg7 28. Rf1 Bd6 29. Bb1 Rb2 30. Qb7 Rxb3 31. Qxa7 b5 32. Qd7 Bc5 33. Qc6 Qe5 34. Bc2 Rb2 35. Bd1 b4 36. Bf3 b3 37. Rc1 Be7 38. Bg2 Qf5 39. f4 Rc2 40. Rxc2 Qxc2 41. Be4 Qd1+ 42. Kf2 b2 43. Qb7 Qd2+ 44. Kf3 Bc5 45. Qb3 h5 46. h3 Qc1 47. g4 Qh1+ 48. Kg3 Qxe4 0-1

[Event "Moscow Dokhoian Memorial Blitz"]
[Site "Moscow"]
[Date "2023.12.09"]
[Round "4"]
[White "Nechaeva, Marina"]
[Black "Galliamova, Alisa"]
[Result "1-0"]
[WhiteElo "2364"]
[BlackElo "2410"]
[PlyCount "109"]
[EventDate "2023.12.09"]
[EventType "tourn (blitz)"]
[EventRounds "11"]
[EventCountry "RUS"]
[EventCategory "5"]
[SourceTitle "CBM 217 Extra"]
[Source "ChessBase"]
[SourceDate "2024.01.31"]
[SourceVersion "1"]
[SourceVersionDate "2024.01.31"]
[SourceQuality "1"]

1. d4 d5 2. Nf3 Nf6 3. Bf4 e6 4. e3 c5 5. Nbd2 Nc6 6. c3 Nh5 7. Be5 f6 8. Bg3 Nxg3 9. hxg3 f5 10. Bb5 Bd7 11. Bxc6 Bxc6 12. Ne5 Qf6 13. Qh5+ Ke7 14. Ng6+ hxg6 15. Qxh8 Kf7 16. Nf3 Rd8 17. Qh4 Bd6 18. Ne5+ Bxe5 19. dxe5 Qxh4 20. Rxh4 g5 21. Rh2 d4 22. exd4 cxd4 23. 0-0-0 d3 24. f3 g4 25. fxg4 fxg4 26. Kd2 Kg6 27. Rf1 Be4 28. Rf4 Bf5 29. Rd4 Rc8 30. Rd7 Rc5 31. Rh1 Rxe5 32. Re1 Rb5 33. b3 a5 34. c4 Rb6 35. Re5 a4 36. Rb5 Ra6 37. b4 Rc6 38. c5 e5 39. Rd6+ Rxd6 40. cxd6 Kf6 41. Rxb7 Be4 42. Ra7 Ke6 43. d7 Ke7 44. Ke3 Bc6 45. Kxd3 Bxd7 46. Ke4 Kd6 47. Rxd7+ Kxd7 48. Kxe5 Kc6 49. a3 Kb5 50. Kd5 g5 51. Kd4 Kb6 52. Kc4 Kc6 53. b5+ Kc7 54. Kb4 Kb6 55. Kxa4 1-0

[Event "RUS-chT Rapid (Women)"]
[Site "Sochi"]
[Date "2023.10.18"]
[Round "1.9"]
[White "Petrukhina, Olga"]
[Black "Galliamova, Alisa"]
[Result "0-1"]
[WhiteElo "2100"]
[BlackElo "2410"]
[PlyCount "124"]
[EventDate "2023.10.18"]
[EventType "team-swiss (rapid)"]
[EventRounds "9"]
[EventCountry "RUS"]
[SourceTitle "CBM 216 Extra"]
[Source "ChessBase"]
[SourceDate "2023.11.30"]
[SourceVersion "1"]
[SourceVersionDate "2023.11.30"]
[SourceQuality "1"]
[WhiteTeam "Bashkortostan (W)"]
[BlackTeam "Tatarstan Ladya (W)"]
[WhiteTeamCountry "RUS"]
[BlackTeamCountry "RUS"]

1. Nf3 d5 2. g3 g6 3. Bg2 Bg7 4. d4 Nh6 5. c4 dxc4 6. 0-0 Nf5 7. d5 Nd6 8. Nc3 0-0 9. Nd4 Na6 10. Be3 Bd7 11. Qd2 e5 12. dxe6 fxe6 13. Bh6 Bxh6 14. Qxh6 Qf6 15. Rad1 Nc5 16. Qe3 Rad8 17. Nf3 b6 18. Ne5 Be8 19. f4 a5 20. Nc6 Bxc6 21. Bxc6 Nf5 22. Qf2 Rxd1 23. Rxd1 Rd8 24. Rxd8+ Qxd8 25. Ne4 Nxe4 26. Bxe4 Qd4 27. Bxf5 Qd1+ 28. Kg2 gxf5 29. Qe3 Kf7 30. Kf2 Qd5 31. Qc3 c5 32. e3 e5 33. fxe5 Ke6 34. Qc2 b5 35. Qe2 Qxe5 36. a4 bxa4 37. Qxc4+ Kf6 38. Qb5 c4 39. Qxc4 Qxb2+ 40. Kf3 Qb7+ 41. Kf2 Qd7 42. Qa6+ Kg5 43. h4+ Kh5 44. Qxa5 Kg6 45. Qa6+ Kg7 46. Qa5 Qc6 47. Qa7+ Kg6 48. Qa5 Qc2+ 49. Kf3 Qe4+ 50. Kf2 Kh5 51. Qa6 Qb4 52. Qe2+ Kg6 53. Qa6+ Kg7 54. Qa7+ Kg6 55. Qa6+ Kh5 56. Qe2+ Qg4 57. Qa6 Qd1 58. Qa5 Kg4 59. Qb4+ Kh3 60. h5 Qc2+ 61. Ke1 Qe4 62. Qd2 Qh1+ 0-1

[Event "RUS-chT Blitz (Women)"]
[Site "Sochi"]
[Date "2023.10.17"]
[Round "6.1"]
[White "Badelka, Olga"]
[Black "Galliamova, Alisa"]
[Result "0-1"]
[WhiteElo "2386"]
[BlackElo "2410"]
[PlyCount "68"]
[EventDate "2023.10.17"]
[EventType "team-tourn (blitz)"]
[EventRounds "13"]
[EventCountry "RUS"]
[SourceTitle "CBM 216 Extra"]
[Source "ChessBase"]
[SourceDate "2023.11.30"]
[SourceVersion "1"]
[SourceVersionDate "2023.11.30"]
[SourceQuality "1"]
[WhiteTeam "Moscow ShSM (W)"]
[BlackTeam "Tatarstan Ladya (W)"]
[WhiteTeamCountry "RUS"]
[BlackTeamCountry "RUS"]

1. Nf3 d5 2. g3 Nf6 3. Bg2 e6 4. 0-0 Be7 5. b3 0-0 6. Bb2 c5 7. e3 Nc6 8. d4 cxd4 9. exd4 b6 10. Ne5 Qc7 11. Nd2 Ba6 12. Re1 Rac8 13. Rc1 Nb4 14. a3 Na2 15. Ra1 Nc3 16. Qf3 Nce4 17. Nxe4 dxe4 18. Qf4 Qxc2 19. Rab1 Qxb3 20. g4 Bb7 21. g5 Nd5 22. Qh4 f5 23. gxf6 Nxf6 24. Ba1 Qxa3 25. Ng4 Nxg4 26. Qxg4 Qa2 27. d5 Qxf2+ 28. Kh1 Bf6 29. dxe6 Bxa1 30. Rxa1 Qf6 31. Rf1 Qe7 32. Rxf8+ Rxf8 33. Rd1 e3 34. Rd7 Rf1# 0-1

[Event "RUS-ch Blitz (Women)"]
[Site "Sochi"]
[Date "2023.10.14"]
[Round "4"]
[White "Merkulova, Viktoria"]
[Black "Galliamova, Alisa"]
[Result "0-1"]
[WhiteElo "1815"]
[BlackElo "2410"]
[PlyCount "70"]
[EventDate "2023.10.14"]
[EventType "swiss (blitz)"]
[EventRounds "13"]
[EventCountry "RUS"]
[SourceTitle "CBM 216 Extra"]
[Source "ChessBase"]
[SourceDate "2023.11.30"]
[SourceVersion "1"]
[SourceVersionDate "2023.11.30"]
[SourceQuality "1"]

1. e4 e5 2. Nf3 Nc6 3. Bb5 g6 4. 0-0 Bg7 5. c3 a6 6. Ba4 Nge7 7. d4 exd4 8. cxd4 b5 9. Bb3 d6 10. h3 0-0 11. Nc3 Na5 12. Bc2 c5 13. Be3 Nc4 14. b3 Nxe3 15. fxe3 Qb6 16. Rc1 f5 17. exf5 Bxf5 18. Bxf5 Nxf5 19. Nd5 Qa5 20. dxc5 dxc5 21. Rxc5 Qxa2 22. e4 Ng3 23. Rf2 Qa3 24. Rc7 Rae8 25. e5 Nf5 26. Nd4 Nxd4 27. Rxf8+ Qxf8 28. Qxd4 Bxe5 29. Qb6 Bxc7 30. Qxc7 Qf7 31. Qc6 Kg7 32. Qc3+ Kh6 33. Qd2+ g5 34. Qd4 Qe6 35. h4 Qe1+ 0-1

[Event "RUS-ch Blitz (Women)"]
[Site "Sochi"]
[Date "2023.10.14"]
[Round "6"]
[White "Shafigullina, Zarina"]
[Black "Galliamova, Alisa"]
[Result "0-1"]
[WhiteElo "2071"]
[BlackElo "2410"]
[PlyCount "58"]
[EventDate "2023.10.14"]
[EventType "swiss (blitz)"]
[EventRounds "13"]
[EventCountry "RUS"]
[SourceTitle "CBM 216 Extra"]
[Source "ChessBase"]
[SourceDate "2023.11.30"]
[SourceVersion "1"]
[SourceVersionDate "2023.11.30"]
[SourceQuality "1"]

1. d4 d5 2. Nf3 Nf6 3. c4 c6 4. Nc3 e6 5. g3 dxc4 6. Bg2 b5 7. a4 b4 8. Nb1 Nbd7 9. Qc2 Ba6 10. Nbd2 b3 11. Qb1 c5 12. 0-0 cxd4 13. Nxd4 Rc8 14. Ne4 Nxe4 15. Bxe4 Bc5 16. Nc6 Qb6 17. a5 Qb5 18. Rd1 Rxc6 19. Bxc6 Qxc6 20. Bf4 Bb7 21. e4 0-0 22. Be3 Bxe3 23. fxe3 Nc5 24. a6 Ba8 25. Ra5 Nxe4 26. Kf1 Nxg3+ 27. hxg3 Qg2+ 28. Ke1 Bf3 29. Rc5 Qe2# 0-1

[Event "Kazan Mayors Cup"]
[Site "Kazan"]
[Date "2022.01.31"]
[Round "7"]
[White "Galliamova, Alisa"]
[Black "Artemiev, Vladislav"]
[Result "0-1"]
[WhiteElo "2421"]
[BlackElo "2700"]
[PlyCount "34"]
[EventDate "2022.01.28"]
[EventType "tourn (rapid)"]
[EventRounds "9"]
[EventCountry "RUS"]
[EventCategory "14"]
[SourceTitle "CBM 206"]
[Source "ChessBase"]
[SourceDate "2022.02.28"]
[SourceVersion "1"]
[SourceVersionDate "2022.02.28"]
[SourceQuality "1"]

1. d4 Nf6 2. Nf3 g6 3. g3 Bg7 4. Bg2 d5 5. 0-0 Nbd7 6. b3 0-0 7. Bb2 b5 8. Qd3 Rb8 9. Ne5 Nxe5 10. dxe5 Bf5 11. Qd2 Nd7 12. f4 c6 13. Nc3 f6 14. e4 dxe4 15. Bxe4 fxe5 16. Rad1 Bg4 17. Bxc6 Qb6+ 0-1

[Event "Kazan Mayors Cup"]
[Site "Kazan"]
[Date "2022.01.29"]
[Round "6"]
[White "Rublevsky, Sergei"]
[Black "Galliamova, Alisa"]
[Result "1/2-1/2"]
[WhiteElo "2637"]
[BlackElo "2421"]
[PlyCount "79"]
[EventDate "2022.01.28"]
[EventType "tourn (rapid)"]
[EventRounds "9"]
[EventCountry "RUS"]
[EventCategory "14"]
[SourceTitle "CBM 206"]
[Source "ChessBase"]
[SourceDate "2022.02.28"]
[SourceVersion "1"]
[SourceVersionDate "2022.02.28"]
[SourceQuality "1"]

1. e4 e5 2. Nf3 Nc6 3. Nc3 Nf6 4. d4 exd4 5. Nxd4 Bb4 6. Nxc6 bxc6 7. Bd3 0-0 8. 0-0 d5 9. exd5 cxd5 10. h3 Rb8 11. Qf3 c6 12. Bf4 Bd6 13. b3 Bxf4 14. Qxf4 Be6 15. Na4 Nd7 16. Rfe1 Re8 17. Rad1 Qa5 18. Re3 Nb6 19. Qh4 g6 20. Nxb6 Qxb6 21. Rde1 c5 22. Qg3 Bd7 23. Re7 Rxe7 24. Rxe7 Be6 25. Qc7 Ra8 26. c4 dxc4 27. Bxc4 Bxc4 28. bxc4 Qb1+ 29. Kh2 Qf5 30. Qg3 a5 31. Re5 Qc2 32. Rxc5 Qxa2 33. Rc7 Qd2 34. c5 a4 35. Qf3 Rf8 36. Ra7 Qd4 37. Qe3 Qxe3 38. fxe3 Rc8 39. Rxa4 Rxc5 40. Kg3 1/2-1/2

[Event "Kazan Mayors Cup"]
[Site "Kazan"]
[Date "2022.01.28"]
[Round "4"]
[White "Galliamova, Alisa"]
[Black "Faizrakhmanov, Ramil"]
[Result "0-1"]
[WhiteElo "2421"]
[BlackElo "2480"]
[PlyCount "50"]
[EventDate "2022.01.28"]
[EventType "tourn (rapid)"]
[EventRounds "9"]
[EventCountry "RUS"]
[EventCategory "14"]
[SourceTitle "CBM 206"]
[Source "ChessBase"]
[SourceDate "2022.02.28"]
[SourceVersion "1"]
[SourceVersionDate "2022.02.28"]
[SourceQuality "1"]

1. d4 Nf6 2. Nf3 d5 3. Bf4 c5 4. e3 Nc6 5. Nbd2 cxd4 6. exd4 Bf5 7. c3 e6 8. Nh4 Be4 9. Nxe4 dxe4 10. g3 Nd5 11. Bd2 Be7 12. Qg4 g5 13. Ng2 f5 14. Qh5+ Kd7 15. Ne3 Qe8 16. Qd1 Kc7 17. Bc4 Qd7 18. a4 Rad8 19. a5 Kb8 20. b4 Ndxb4 21. cxb4 Nxd4 22. Be2 f4 23. gxf4 gxf4 24. Nc4 e3 25. Bc3 Qc6 0-1

[Event "Kazan Mayors Cup"]
[Site "Kazan"]
[Date "2022.01.28"]
[Round "2"]
[White "Galliamova, Alisa"]
[Black "Oparin, Grigoriy"]
[Result "0-1"]
[WhiteElo "2421"]
[BlackElo "2681"]
[PlyCount "64"]
[EventDate "2022.01.28"]
[EventType "tourn (rapid)"]
[EventRounds "9"]
[EventCountry "RUS"]
[EventCategory "14"]
[SourceTitle "CBM 206"]
[Source "ChessBase"]
[SourceDate "2022.02.28"]
[SourceVersion "1"]
[SourceVersionDate "2022.02.28"]
[SourceQuality "1"]

1. d4 Nf6 2. Nf3 e6 3. Bf4 d5 4. e3 c5 5. Nbd2 Nc6 6. c3 cxd4 7. exd4 Nh5 8. Bg3 Nxg3 9. hxg3 Qc7 10. Bd3 h6 11. Qe2 Bd7 12. 0-0-0 0-0-0 13. Kb1 Bd6 14. Nb3 Kb8 15. Bc2 Bc8 16. Nc1 f6 17. Nh4 g5 18. Nf3 Qf7 19. g4 e5 20. dxe5 fxe5 21. Bb3 Bc7 22. Nd2 Qf6 23. f3 Rhe8 24. Ka1 e4 25. fxe4 d4 26. c4 d3 27. Qf3 Qd4 28. Rxh6 Be5 29. Nxd3 Qxd3 30. Qxd3 Rxd3 31. Nf3 Rxd1+ 32. Bxd1 Bxg4 0-1

[Event "RUS-ch (Women) 71st"]
[Site "Ufa"]
[Date "2021.10.20"]
[Round "11"]
[White "Galliamova, Alisa"]
[Black "Nechaeva, Marina"]
[Result "1/2-1/2"]
[WhiteElo "2421"]
[BlackElo "2394"]
[PlyCount "65"]
[EventDate "2021.10.09"]
[EventType "tourn"]
[EventRounds "11"]
[EventCountry "RUS"]
[EventCategory "7"]
[SourceTitle "CBM 204 Extra"]
[Source "ChessBase"]
[SourceDate "2021.11.30"]
[SourceVersion "1"]
[SourceVersionDate "2021.11.30"]
[SourceQuality "1"]

1. d4 Nf6 2. c4 e6 3. Nf3 b6 4. g3 Ba6 5. b3 Bb4+ 6. Bd2 Be7 7. Nc3 0-0 8. Bg2 c6 9. 0-0 d5 10. Bf4 Nbd7 11. Qd3 Rc8 12. Rac1 dxc4 13. bxc4 Nd5 14. Bd2 Nb4 15. Qb1 Bxc4 16. Nd1 Bxe2 17. Bxb4 Bxb4 18. Qxb4 Bxf1 19. Bxf1 c5 20. Qa4 cxd4 21. Rxc8 Qxc8 22. Nxd4 Nc5 23. Qc4 Rd8 24. Nc3 Qd7 25. Nf3 a6 26. a4 Qc6 27. Be2 Rc8 28. Kg2 h6 29. h4 Qb7 30. Qb4 Qc6 31. Qc4 Qb7 32. Qb4 Qc6 33. Qc4 1/2-1/2

[Event "RUS-ch (Women) 71st"]
[Site "Ufa"]
[Date "2021.10.16"]
[Round "7"]
[White "Galliamova, Alisa"]
[Black "Bodnaruk, Anastasia"]
[Result "0-1"]
[WhiteElo "2421"]
[BlackElo "2415"]
[PlyCount "106"]
[EventDate "2021.10.09"]
[EventType "tourn"]
[EventRounds "11"]
[EventCountry "RUS"]
[EventCategory "7"]
[SourceTitle "CBM 204 Extra"]
[Source "ChessBase"]
[SourceDate "2021.11.30"]
[SourceVersion "1"]
[SourceVersionDate "2021.11.30"]
[SourceQuality "1"]

1. d4 Nf6 2. Nf3 g6 3. g3 Bg7 4. Bg2 0-0 5. 0-0 d6 6. c4 Nc6 7. Nc3 e5 8. dxe5 dxe5 9. Bg5 Be6 10. Nd2 Qc8 11. Nd5 Nd7 12. b4 h6 13. Be3 Re8 14. Rc1 f5 15. b5 Nd8 16. c5 e4 17. Nc4 Nf7 18. a4 Bxd5 19. Qxd5 Nf6 20. Qd2 Rd8 21. Qa5 Nd5 22. Rfd1 Bc3 23. Rxc3 b6 24. cxb6 cxb6 25. Nxb6 Qxc3 26. Qxc3 Nxc3 27. Rxd8+ Rxd8 28. Nc4 Rd7 29. f3 Nxe2+ 30. Kf1 Nc3 31. fxe4 fxe4 32. b6 axb6 33. Nxb6 Rd1+ 34. Kf2 Ne5 35. Bh3 Kf7 36. a5 Nd3+ 37. Kg2 Ne1+ 38. Kf2 Nd3+ 39. Kg2 Ra1 40. Nc4 Ra2+ 41. Kf1 Ra4 42. Nd6+ Ke7 43. Nc8+ Kf7 44. Nd6+ Kf6 45. Bb6 Nd5 46. Bg4 Ra1+ 47. Kg2 Ra2+ 48. Kf1 e3 49. Nc4 Nxb6 50. axb6 Rf2+ 51. Kg1 e2 52. Bxe2 Rxe2 53. b7 Re1+ 0-1

[Event "RUS-ch (Women) 71st"]
[Site "Ufa"]
[Date "2021.10.13"]
[Round "5"]
[White "Voit, Daria"]
[Black "Galliamova, Alisa"]
[Result "0-1"]
[WhiteElo "2357"]
[BlackElo "2421"]
[PlyCount "132"]
[EventDate "2021.10.09"]
[EventType "tourn"]
[EventRounds "11"]
[EventCountry "RUS"]
[EventCategory "7"]
[SourceTitle "CBM 204 Extra"]
[Source "ChessBase"]
[SourceDate "2021.11.30"]
[SourceVersion "1"]
[SourceVersionDate "2021.11.30"]
[SourceQuality "1"]

1. d4 d5 2. c4 c6 3. Nc3 Nf6 4. e3 e6 5. Nf3 Nbd7 6. Qc2 Bd6 7. Bd3 0-0 8. 0-0 dxc4 9. Bxc4 b5 10. Bd3 Bb7 11. Ng5 Bxh2+ 12. Kxh2 Ng4+ 13. Kg1 Qxg5 14. f3 Ngf6 15. e4 Qh4 16. Ne2 Ne8 17. a4 a6 18. Bd2 Kh8 19. g3 Qe7 20. Kg2 e5 21. Rh1 f6 22. Rh2 g6 23. Rah1 Rf7 24. Bc3 Nc7 25. Qd2 Ne6 26. axb5 axb5 27. Bb4 Qe8 28. d5 Nef8 29. dxc6 Bxc6 30. Bc2 Nb6 31. Qh6 Raa7 32. Bc5 Rab7 33. Nc3 Rg7 34. Nd5 Nxd5 35. exd5 Bxd5 36. Bxf8 Qxf8 37. Bxg6 Bg8 38. Bf5 Qd6 39. g4 Ra7 40. Rc1 Rac7 41. Rhh1 Rc4 42. Rhd1 Qf8 43. Rxc4 bxc4 44. Kh3 Rf7 45. Qe3 Rb7 46. Rd2 Rb3 47. Qe2 Rxf3+ 48. Qxf3 Qh6+ 49. Kg3 Qxd2 50. Qc6 Qg5 51. Qe8 Qe3+ 52. Kg2 Qd2+ 53. Kh3 Qd6 54. Qc8 Kg7 55. Qb7+ Kh6 56. Qc8 Kg7 57. Qb7+ Kh8 58. Qc8 Qe7 59. Qc6 Kg7 60. Kg3 Qa7 61. Kf3 Bf7 62. Be4 Qa1 63. Qb7 Qf1+ 64. Kg3 Qe1+ 65. Kf3 Qd1+ 66. Kg3 Qb3+ 0-1

[Event "RUS-ch (Women) 71st"]
[Site "Ufa"]
[Date "2021.10.10"]
[Round "2"]
[White "Galliamova, Alisa"]
[Black "Garifullina, Leya"]
[Result "1/2-1/2"]
[WhiteElo "2421"]
[BlackElo "2409"]
[PlyCount "81"]
[EventDate "2021.10.09"]
[EventType "tourn"]
[EventRounds "11"]
[EventCountry "RUS"]
[EventCategory "7"]
[SourceTitle "CBM 204 Extra"]
[Source "ChessBase"]
[SourceDate "2021.11.30"]
[SourceVersion "1"]
[SourceVersionDate "2021.11.30"]
[SourceQuality "1"]

1. d4 Nf6 2. c4 e6 3. g3 d5 4. Bg2 Be7 5. Nf3 0-0 6. 0-0 dxc4 7. Qc2 a6 8. a4 c5 9. dxc5 Bxc5 10. Qxc4 b6 11. Ne5 Ra7 12. Nd3 Be7 13. Nc3 Bb7 14. Bxb7 Rxb7 15. Bf4 Qc8 16. Ne5 Qxc4 17. Nxc4 Nc6 18. Rfd1 h6 19. Bd6 b5 20. Bxe7 Nxe7 21. axb5 axb5 22. Nd6 Rb6 23. Ncxb5 Rfb8 24. Nc3 Ned5 25. Nxd5 Nxd5 26. Nc4 Rb4 27. Rdc1 Rc8 28. Ne5 Rxc1+ 29. Rxc1 Rxb2 30. Rc8+ Kh7 31. e4 Nf6 32. f3 Rb7 33. Rf8 Nd7 34. Nxd7 Rxd7 35. Kg2 h5 36. h4 g6 37. f4 Kg7 38. Ra8 Rd2+ 39. Kf3 Rd3+ 40. Kf2 Rb3 41. e5 1/2-1/2

[Event "RUS-ch Higher League (Women) 71st"]
[Site "Cheboksary"]
[Date "2021.06.30"]
[Round "5"]
[White "Shafigullina, Zarina"]
[Black "Galliamova, Alisa"]
[Result "1/2-1/2"]
[WhiteElo "2244"]
[BlackElo "2442"]
[PlyCount "122"]
[EventDate "2021.06.26"]
[EventType "swiss"]
[EventRounds "9"]
[EventCountry "RUS"]
[SourceTitle "CBM 203 Extra"]
[Source "ChessBase"]
[SourceDate "2021.09.30"]
[SourceVersion "1"]
[SourceVersionDate "2021.09.30"]
[SourceQuality "1"]

1. Nf3 d5 2. g3 g6 3. Bg2 Bg7 4. d4 Nf6 5. 0-0 0-0 6. c4 dxc4 7. Na3 Na6 8. Nxc4 c5 9. dxc5 Nxc5 10. Be3 Nce4 11. Nd4 b6 12. Nc6 Qe8 13. N4e5 Bb7 14. Rc1 Nd6 15. f4 Nd7 16. Qb3 Rc8 17. Nxa7 Rxc1 18. Rxc1 Bxg2 19. Kxg2 Bxe5 20. fxe5 Qa8+ 21. Nc6 Nxe5 22. Qd5 Nxc6 23. Qxc6 Qxa2 24. Bh6 Rb8 25. Qc7 Qa8+ 26. Kg1 Qb7 27. Qc3 f6 28. Qb3+ Nf7 29. Bf4 Rd8 30. Qe6 Rd7 31. e4 Kg7 32. e5 f5 33. Qb3 Qd5 34. Qe3 e6 35. Qxb6 g5 36. Be3 Nxe5 37. Qc5 Nf3+ 38. Kf2 Qxc5 39. Rxc5 Nxh2 40. Bxg5 Ng4+ 41. Ke2 Rb7 42. Bc1 Nf6 43. Rc4 Rb3 44. Rc3 Rxc3 45. bxc3 Ne4 46. Kf3 h5 47. Be3 e5 48. c4 Kf6 49. Kg2 Ke6 50. Kh3 Nd6 51. c5 Ne4 52. Kh4 Kd5 53. Bg1 Nxc5 54. Kxh5 Ne6 55. Kg6 Ke4 56. Ba7 Nd4 57. Bb8 Nc2 58. Kf6 Ne3 59. Ke6 Ng4 60. Bc7 Kf3 61. Bxe5 Nxe5 1/2-1/2

[Event "RUS-ch Higher League (Women) 71st"]
[Site "Cheboksary"]
[Date "2021.06.27"]
[Round "2"]
[White "Galliamova, Alisa"]
[Black "Chernyak, Viktoria"]
[Result "1/2-1/2"]
[WhiteElo "2442"]
[BlackElo "2315"]
[PlyCount "47"]
[EventDate "2021.06.26"]
[EventType "swiss"]
[EventRounds "9"]
[EventCountry "RUS"]
[SourceTitle "CBM 203 Extra"]
[Source "ChessBase"]
[SourceDate "2021.09.30"]
[SourceVersion "1"]
[SourceVersionDate "2021.09.30"]
[SourceQuality "1"]

1. d4 d5 2. c4 e6 3. Nf3 Nf6 4. Nc3 a6 5. cxd5 exd5 6. g3 Bd6 7. Bg2 0-0 8. 0-0 c6 9. Ne1 Bf5 10. f3 c5 11. Bg5 h6 12. Be3 Qe7 13. Bf2 Rd8 14. Nd3 cxd4 15. Bxd4 Nc6 16. Bb6 Rd7 17. Na4 Re8 18. Rf2 Bxd3 19. exd3 Bc7 20. Bc5 Bd6 21. Bb6 Bc7 22. Bc5 Bd6 23. Bb6 Bc7 24. Bc5 1/2-1/2